| 000 | 00588nam a22001697a 4500 | ||
|---|---|---|---|
| 082 |
_a297.2112 _bBUK |
||
| 100 | _aBukhari, Syed Abdur Rahman | ||
| 245 |
_aFazail ul Asma ul Husna Jalla Jalaluhu, Fazail Asma ul Mustafa salla Allah alayhi wa-sallam o Fazail e Asma Ahle Bait Alihasalam / _cSyed Abdur Rahman Bukhari |
||
| 260 |
_aPakistan: _bMadina Foundation; _c2015. |
||
| 300 | _a207p. | ||
| 563 | _aHB | ||
| 650 |
_aNames of God _9119659 |
||
| 650 |
_aNames of Prophet _9119660 |
||
| 650 |
_aWomen in the Koran _9119661 |
||
| 650 |
_aMuslim women _937213 |
||
| 942 |
_2ddc _cBK |
||
| 999 |
_c606823 _d606823 |
||